000 00309nam a22001337a 4500
008 181006b xxu||||| |||| 00| 0 eng d
020 _a9780967130606
041 _aeng
080 _a541
100 _a12
101 _aKIM
245 _aEcoBeaker 2.0. Laboratory Guide and Manual
_cMeir, E
942 _2udc
_cBK
999 _c48973
_d48973